[Event "UKR-ch"]
[Site "Ordzhonikidze"]
[Date "2001.09.13"]
[Round "6"]
[White "Fedorchuk, Sergey A"]
[Black "Ovsejevitsch, Sergei"]
[Result "1-0"]
[WhiteElo "2490"]
[BlackElo "2529"]
[Annotator "Wedberg,T"]
[PlyCount "83"]
[EventDate "2001.09.08"]
[EventType "swiss"]
[EventRounds "9"]
[EventCountry "UKR"]
[SourceTitle "CBM 086"]
[Source "ChessBase"]
[SourceDate "2002.02.05"]
[SourceVersion "1"]
[SourceVersionDate "2002.02.05"]
[SourceQuality "1"]

1. e4 e5 2. Nf3 Nc6 3. Bb5 Nf6 4. d3 {More and more popular. White sidesteps
theory and just plays chess.} Bc5 {The active choice - compare with the
Italian.} (4... d6 5. c3 g6 {is the other setup.}) 5. O-O (5. c3 O-O 6. Bxc6
bxc6 7. Nxe5 d5 {is tricky, but probably not very good for White - see
Ivanchuk,V-Kramnik,V/Wijk aan Zee 2001/CBM 81/[Wedberg] (38) 0-1}) 5... d6 6.
c3 O-O 7. Nbd2 (7. Re1 $6 Ng4 $5 8. Re2 (8. d4 exd4 9. cxd4 Nxd4 $1 10. Nxd4
Qh4 $40) 8... f5 $36 {Hunt,H-Wedberg,T/Rilton Cup 2001/2002}) 7... a6 8. Ba4
Ba7 (8... b5 9. Bc2 Bb7 10. a4 Re8 11. b4 Bb6 12. Nb3 d5 13. Bg5 d4 $13 {
1-0 Borocz,I-Acs,P/Budapest 1994/EXT 97 (49)}) 9. h3 (9. Re1 $6 Ng4 $36 {
1-0 Socko,M-Wiliczkiewicz,Z/Suwalki 1999/EXT 2000 (42)}) 9... Ne7 10. d4 $5
$146 (10. Re1 Ng6 11. Nf1 Nh5 12. Be3 Nhf4 $132 {1-0 Vujosevic,V-Obralic,E/
Banja Vrucica 1991/EXT 97 (83)}) 10... Ng6 11. Bc2 h6 12. Re1 Re8 13. Nf1 c6
14. Ng3 Bb6 15. Be3 Bc7 16. Qd2 Kh7 17. Rad1 {[%mdl 4] White has made all the
typical moves and have a slight but clear advantage.} Qe7 18. b4 Be6 19. Nf5 $1
Qf8 (19... Bxf5 20. exf5 Nf8 21. dxe5 dxe5 22. Bc5 Qd7 23. Qc1 Qc8 24. Bxf8
Rxf8 25. Nxe5 $16) 20. dxe5 dxe5 21. Bc5 Qh8 22. Bb3 Red8 (22... Nxe4 $2 {
gets a nice refutation in} 23. Rxe4 Bxf5 24. Bxf7 Bxe4 25. Ng5+ $1 hxg5 26.
Qxg5 {and mate next.}) 23. Qc2 Rxd1 24. Rxd1 Rd8 25. Bd6 Bxb3 26. axb3 Bxd6 27.
Nxd6 Rd7 28. Rd2 Qf8 29. Qd1 Qe7 30. c4 Ne8 31. c5 Nf8 32. Nxe8 $6 Qxe8 33.
Rxd7 Qxd7 34. Qxd7 Nxd7 35. Nd2 {White has given away most of his advantage,
but there are some tricks left still to play out.} a5 $2 (35... b5 $142) 36.
bxa5 Nxc5 37. Kf1 Kg6 38. b4 Ne6 39. Nc4 Kf6 40. Nd6 Ke7 (40... Nd8 41. Nxb7 $1
Nxb7 42. a6 $18) 41. Nxb7 Kd7 42. a6 1-0

[Event "Geneva FIDE GP"]
[Site "Geneva"]
[Date "2017.07.07"]
[Round "2"]
[White "Jakovenko, Dmitrij"]
[Black "Aronian, Levon"]
[Result "0-1"]
[WhiteElo "2703"]
[BlackElo "2809"]
[Annotator "Yermolinsky,A"]
[PlyCount "102"]
[EventDate "2017.07.06"]
[EventType "swiss"]
[EventRounds "9"]
[EventCountry "SUI"]
[SourceTitle "CBM 180"]
[Source "ChessBase"]
[SourceDate "2017.09.13"]
[SourceVersion "1"]
[SourceVersionDate "2017.09.13"]
[SourceQuality "1"]

1. e4 e5 2. Nf3 Nc6 3. Bc4 Bc5 4. O-O Nf6 5. d3 O-O 6. c3 a6 7. a4 Ba7 8. Re1
d6 9. h3 b5 $5 {An active move, first played in Shankland-Tari, 2017.} ({
Routine is} 9... Ne7 {played by Nakamura at least five times. Also, Carlsen,
Karjakin and Leko have tried their hand at it.}) 10. Bb3 b4 11. a5 Rb8 12. Nbd2
Be6 13. Bxe6 $6 {I'm far from being an expert on this structure, but it seems
to be White shouldn't take on e6 unless he can immediately follow up with
d3-d4.} ({In the above mentioned game Sam played} 13. Bc4) 13... fxe6 14. Nc4
Qe8 15. Be3 (15. d4 Qg6 16. dxe5 {fails to} Nxe4 $1) 15... Bxe3 16. Rxe3 Qg6
17. Ncd2 Nh5 18. Qf1 Rb5 19. Kh2 Qh6 20. Kg1 Qg6 21. Kh2 Qh6 22. Kg1 Kh8 {
Levon says no to Dmitry's silent draw offer.} 23. d4 Nf4 24. h4 {Move of the
Day coming up.} g5 $3 {Directed against White's intended g2-g3, but how does
one come up with such an idea. Simply put, Aronian is a genius.} 25. hxg5 Qh5
26. Qc4 (26. c4 Rbb8 27. dxe5 (27. d5 Nd4) 27... dxe5 28. g3 Nh3+ 29. Kg2 Rbd8
30. Rd1 Qg4 {puts White under considerable pressure.}) 26... exd4 27. cxd4 Nxa5
{Action all over the board.} 28. Qf1 {Jakovenko is not exactly brimming with
confidence these days. Lots or rating points have been lost since his glory
days of finishing third in the Grand Prix cycle two years ago.} ({Perhaps,
Dmitry could have survived} 28. Qxc7 Rxg5 29. Nxg5 Qxg5 {based on} 30. Rg3 Ne2+
31. Kh2 Nxg3 32. fxg3 Qxd2 33. Rxa5 {and the open black king keeps the Rf8
from joining the party.}) 28... h6 29. e5 d5 30. Rc1 c6 31. Ne1 $2 {More
backward moves.} ({While} 31. gxh6 Rg8 32. g3 Rb7 33. Nh2 Rh7 {is indeed, bad
for White,}) ({The right move} 31. g6 $1 Rg8 32. Nh2 Qxg6 33. g3 {keeps him
fighting on equal terms.}) 31... hxg5 32. Nd3 g4 33. Nxf4 Rxf4 34. Rd3 g3 $6 {
Levon overdid it a bit.} ({There was no need for fireworks, when} 34... Rb7 35.
g3 Rh7 {was there. After} 36. Qg2 {Black has a killer shot in} Qf5 37. Qf1 Rxf2
38. Qxf2 Rh1+) 35. Rxg3 Rh4 36. f4 Rh1+ 37. Kf2 Rxf1+ 38. Rxf1 {Suddenly it
transpires Black is going to lose his queen back.} Nc4 39. Nb3 ({The rook
endgame after} 39. Nxc4 dxc4 40. Rh3 Qxh3 41. gxh3 c3 {is no picnic for White,
but he can fight on with} 42. b3 $1 (42. Ke2 b3 43. Kd3 ({no time for} 43. bxc3
b2 44. Rb1 a5 45. Kd2 a4 46. Kc2 a3 $19) 43... c2 44. Kc3 a5 45. h4 a4 {
has this hopeless look of gloom and doom.}) 42... a5 43. Ke3 Rd5 44. f5 exf5
45. Rxf5 Kg7 46. Rf1 c5 {is probably winning for Black though.}) 39... Qh4 40.
Kf3 a5 41. Ra1 Qh5+ 42. Kf2 Nxb2 43. Rh3 (43. Nxa5 Nd1+ 44. Kg1 Qe2 {blocks
the other white rook from ever reaching h1.}) 43... Qxh3 44. gxh3 a4 {It's
over.} 45. Nc5 b3 46. f5 exf5 47. e6 Nc4 48. e7 Nd6 49. Nxa4 Kg7 50. Nc3 Rb8
51. Ra6 Kf7 0-1

[Event "Norway Chess 5th"]
[Site "Stavanger"]
[Date "2017.06.16"]
[Round "9"]
[White "Anand, Viswanathan"]
[Black "Carlsen, Magnus"]
[Result "1/2-1/2"]
[WhiteElo "2786"]
[BlackElo "2832"]
[Annotator "Yermolinsky,A"]
[PlyCount "67"]
[EventDate "2017.06.06"]
[EventType "tourn"]
[EventRounds "9"]
[EventCountry "NOR"]
[EventCategory "22"]
[SourceTitle "CBM 179"]
[Source "ChessBase"]
[SourceDate "2017.07.12"]
[SourceVersion "1"]
[SourceVersionDate "2017.07.12"]
[SourceQuality "1"]

1. e4 e5 2. Nf3 Nc6 3. Bc4 Bc5 4. c3 Nf6 5. d3 d6 6. O-O a6 7. a4 Ba7 8. Re1
O-O 9. h3 h6 10. Nbd2 Be6 11. Bxe6 fxe6 12. b4 Nh5 13. Ra2 Qf6 14. Nc4 {
This Italian Giuoco Piano/Anti-Berlin Ruy Lopez is a staple of top level chess
these days. Between the two of them Anand and Carlsen must have played it a
hundred times, including many battles against one another.} b5 $6 {I don't
particularly like this move and I suspect Magnus didn't much fancy it either.}
({The thing is, the normal} 14... Ne7 {allows} 15. d4 $1 {and even if Black
can hold his own after} exd4 16. cxd4 Ng6 17. e5 $1 Qf5 {which is not a fact
yet, the position after} 18. exd6 Qd5 19. Rc2 cxd6 {offers White a chance to
wrap it up with repetition:} 20. Ne3 Qe4 21. Nc4) 15. Ne3 ({White has to be
slightly careful not to walk into} 15. axb5 axb5 16. Ne3 $2 Bxe3 17. Rxa8 Bxf2+
) 15... Bb6 16. Ng4 Qe7 17. Be3 Bxe3 18. fxe3 {In the resulting symmetrical
structure White holds two advantages: pressure against b5 and better posts for
his knights. Granted, it's not much yet, but White's prospects look much
brighter.} Rab8 {Concession no.1} 19. axb5 axb5 20. Ra6 Nd8 {Concession no.2
of the same} 21. d4 exd4 22. cxd4 Nf7 23. Qc2 $2 {Not a bad move in itself,
but I mark it down for a missed opportunity.} (23. e5 $1 Ng3 24. Qc2 Nf5 (24...
Ng5 {offers no compensation whatsoever:} 25. Nxg5 Qxg5 26. exd6 cxd6 27. Rxd6
h5 28. Ne5 $16) 25. e4 Ng3 (25... Nh4 26. Nf6+ gxf6 27. Nxh4 Kg7 28. exd6 cxd6
29. d5 {is disastrous for Black.}) 26. Rc6 {would put Magnus on the ropes yet
again. We are used to his indifference to playing for an opening advantage
with White because we know of his ability to win from equal positions. Getting
in trouble with Black, as consistently happened to Carlsen in this tournament,
is another kettle of fish.}) 23... Nf6 $1 {At the last moment the hapless
knight escapes.} 24. Nxf6+ Qxf6 25. Rc6 Ng5 $1 {Now Carlsen has a clear path
to counterplay.} 26. Nxg5 Qxg5 27. Rxc7 Qg3 $1 28. Qe2 ({Still,} 28. Re2 Ra8
29. Qc1 Ra4 30. Qe1 {was worth trying.}) 28... Ra8 29. Rcc1 Ra3 30. Ra1 Rb3 31.
Rab1 Ra3 32. Ra1 Rb3 33. Rab1 Ra3 34. Ra1 1/2-1/2

[Event "Geneva FIDE GP"]
[Site "Geneva"]
[Date "2017.07.06"]
[Round "1"]
[White "Eljanov, Pavel"]
[Black "Hou, Yifan"]
[Result "1-0"]
[WhiteElo "2739"]
[BlackElo "2666"]
[Annotator "Yermolinsky,A"]
[PlyCount "97"]
[EventDate "2017.07.06"]
[EventType "swiss"]
[EventRounds "9"]
[EventCountry "SUI"]
[SourceTitle "CBM 180"]
[Source "ChessBase"]
[SourceDate "2017.09.13"]
[SourceVersion "1"]
[SourceVersionDate "2017.09.13"]
[SourceQuality "1"]

1. e4 e5 2. Nf3 Nc6 3. Bc4 Bc5 4. O-O Nf6 5. d3 O-O 6. h3 d6 7. c3 Ne7 8. Nbd2
Ng6 9. Re1 Bb6 10. Bb3 c6 11. Bc2 Re8 12. d4 Bc7 13. dxe5 dxe5 14. Nc4 Be6 15.
Qe2 h6 16. Qf1 Nh7 17. Ne3 Nf4 18. Nf5 Bxf5 19. exf5 Nf6 20. Bxf4 exf4 21. Rad1
Qc8 22. Qc4 Rxe1+ 23. Rxe1 Qf8 24. Bb3 Re8 25. Rxe8 Qxe8 26. Qb4 b5 27. Qd4 Bb8
28. a4 Qe7 29. Qd3 a6 30. Kf1 Qd7 31. Qxd7 Nxd7 32. Nd4 Ne5 33. axb5 axb5 34.
Bc2 Ba7 35. b4 f3 $6 ({Hou had chances of building a fortress after} 35... Bxd4
36. cxd4 Nd7 37. Be4 Nb8 38. Ke2 Kf8 39. Kf3 Ke7 40. h4 $1 ({not the greedy
and mindless snacking on pawns} 40. Kxf4 {as Black then has} Kd6 {followed by .
..Na6}) 40... Kd6 41. Kg4 Nd7 (41... Na6 42. Kh5 $1) 42. Kxf4 Nf6 43. g4 Nd7 {
It's going to be very hard for White to break it down.}) 36. g4 Bxd4 37. cxd4
Nc4 $2 (37... Nd7 $142 38. Be4 Nb8 39. Bxf3 Kf8) 38. Ke1 Nb6 39. Be4 Nd5 40.
Bxd5 $1 cxd5 41. Kd2 Kf8 42. Ke3 Ke7 43. Kxf3 {The ending is a forced win for
White.} Kd7 {Hou was hoping to barricade all possible approaches for the white
king.} ({Yet, she would have failed even in the event of the most stubborn
defence,} 43... g5 44. fxg6 fxg6 45. Kf4 $1 Ke6 (45... Kf6 46. g5+ hxg5+ 47.
Kg4) 46. h4 Kd6 (46... Kf6 47. g5+ hxg5+ 48. hxg5+ Ke6 49. Kg4 Kd6 50. f4 Ke6
51. f5+ gxf5+ 52. Kf4) 47. h5 $1 (47. g5 $2 h5 $11) 47... gxh5 48. g5 $3 (48.
gxh5 Ke6 $11) 48... hxg5+ 49. Kxg5 Ke6 50. f4 $18) 44. Kg3 $1 {Pavel knows
what he's doing: the king ahead of the pawns is the way to play pawn endgames.}
(44. h4 Kd6 45. Kf4 f6 46. g5 h5 $1) 44... Ke7 45. Kh4 $1 g6 46. g5 $1 h5 47.
f4 Kf8 48. fxg6 fxg6 49. f5 1-0

[Event "Gashimov Memorial 4th"]
[Site "Shamkir"]
[Date "2017.04.29"]
[Round "8"]
[White "Kramnik, Vladimir"]
[Black "Adams, Michael"]
[Result "1-0"]
[WhiteElo "2811"]
[BlackElo "2761"]
[Annotator "Yermolinsky,A"]
[PlyCount "81"]
[EventDate "2017.04.21"]
[EventType "tourn"]
[EventRounds "9"]
[EventCountry "AZE"]
[EventCategory "21"]
[SourceTitle "CBM 178"]
[Source "ChessBase"]
[SourceDate "2017.05.14"]
[SourceVersion "1"]
[SourceVersionDate "2017.05.14"]
[SourceQuality "1"]

1. e4 e5 2. Nf3 Nc6 3. Bc4 Bc5 4. O-O Nf6 5. d3 d6 6. c3 h6 7. Re1 O-O 8. Nbd2
a6 9. Nf1 Re8 10. a4 Ba7 11. b4 Be6 12. Bxe6 Rxe6 13. Be3 Qd7 14. b5 Ne7 15.
bxa6 bxa6 16. Bxa7 Rxa7 17. Qb3 c6 18. Rab1 Ng6 19. g3 a5 20. Ne3 Re8 21. Nc4
Kh7 22. Qc2 Qe6 23. Ne3 d5 24. Kg2 Kg8 25. h4 Rd7 26. c4 $1 {For a long time
White has maintaned a slight but persistent pull, and, finally, as Adams
started getting a bit uncomfortable on the clock, Kramnik turned the screw.}
Red8 $2 {A big error. It was hard enough to contain White's threats to
infiltrate on the b-file, but with two files open it'll become simply
impossible.} (26... d4 {was the only way to continue:} 27. Nf5 Ne7 28. Nxe7+
Rdxe7 {Perhaps, Mickey worried about his a-pawn after} 29. c5 {but then there's
} Nh5 30. Nd2 Qg6 31. Nc4 Qg4 {with some counterchances, provided by the ...
Nf4 idea.}) 27. cxd5 cxd5 28. Rb5 Ne7 $2 ({Once again,} 28... dxe4 29. dxe4 Nh5
{and hope for the best.}) 29. Rc5 Rd6 30. Rc1 Ra6 31. Qb2 Ng6 32. Qb7 Ne7 33.
Nf5 $1 {White drives the stake through the heart of Black's position.} Rd7 ({
The endgame after} 33... Nxf5 34. exf5 Qb6 (34... Qd6 35. Nxe5) 35. Qxb6 Rxb6
36. Nxe5 {wouldn't be any fun to play against Vladimir Kramnik.}) 34. Rc7 Rb6
35. Qa7 Ra6 36. Qb8+ Kh7 37. Rc8 $1 Ng6 (37... Nxf5 38. exf5 Qxf5 39. Nxe5 {
is just mate from h8.}) 38. Rh1 $1 {A very elegant switching of the tracks.}
Nh5 39. Ng5+ hxg5 40. hxg5 Ngf4+ 41. gxf4 1-0

[Event "Tata Steel-A 79th"]
[Site "Wijk aan Zee"]
[Date "2017.01.21"]
[Round "7"]
[White "So, Wesley"]
[Black "Eljanov, Pavel"]
[Result "1/2-1/2"]
[WhiteElo "2808"]
[BlackElo "2755"]
[Annotator "Yermolinsky,A"]
[PlyCount "75"]
[EventDate "2017.01.14"]
[EventType "tourn"]
[EventRounds "13"]
[EventCountry "NED"]
[EventCategory "21"]
[SourceTitle "CBM 177"]
[Source "ChessBase"]
[SourceDate "2017.03.16"]
[SourceVersion "1"]
[SourceVersionDate "2017.03.16"]
[SourceQuality "1"]
[TimeControl "40/6000+30:20/3000+30:900+30"]

1. e4 {[%emt 0:00:00]} e5 {[%emt 0:00:35]} 2. Nf3 {[%emt 0:00:00]} Nc6 {
[%emt 0:00:05]} 3. Bc4 {[%emt 0:00:00]} Bc5 {[%emt 0:00:16]} 4. O-O {[%emt 0:
00:00]} Nf6 {[%emt 0:00:05]} 5. d3 {[%emt 0:00:04]} d6 {[%emt 0:01:55]} 6. c3 {
[%emt 0:00:12]} a6 {[%emt 0:00:09]} 7. a4 {[%emt 0:00:24]} Ba7 {[%emt 0:01:01]}
8. Na3 {[%emt 0:01:07]} (8. Re1 h6 9. Na3 O-O 10. Nc2 Ne7 11. Be3 Bxe3 12. Nxe3
c6 13. a5 d5 14. Bb3 Ng6 15. exd5 cxd5 16. d4 e4 17. Ne5 Ne7 18. f3 Be6 19.
fxe4 Nxe4 20. Nxd5 Bxd5 21. Bxd5 Qxd5 22. c4 Qe6 23. Rxe4 f6 24. Qg4 f5 25. Qh3
Nc6 26. Rd1 Rad8 27. Nxc6 Qxc6 28. Re7 Qxc4 29. Qc3 Qxc3 30. bxc3 Rf7 31. Rxf7
Kxf7 32. Rb1 Rd7 33. Kf2 Rc7 34. Rb3 f4 35. Kf3 g5 36. Ke4 Kg6 37. Rb6+ Kh5 {
Carlsen,M (2840)-Inarkiev,E (2709) Doha 2016 1-0}) 8... h6 {[%emt 0:07:13]} 9.
Nc2 {[%emt 0:00:37]} Qe7 $146 {[%emt 0:05:20]} (9... O-O 10. Be3 Bxe3 11. Nxe3
Ne7 12. Qc2 c6 13. d4 exd4 14. Nxd4 Bd7 15. a5 c5 16. Nb3 b5 17. axb6 Qxb6 18.
Rfd1 Rfd8 19. Nd2 Bc6 20. Bf1 a5 21. g3 d5 22. exd5 Nexd5 23. Nec4 Qc7 24. Nb3
a4 25. Nbd2 Nb6 26. Ne3 a3 27. b3 Qe5 28. Bg2 Bxg2 29. Kxg2 Nbd5 30. Nxd5 Rxd5
31. Nc4 Rxd1 32. Qxd1 Qxc3 33. Rxa3 Re8 34. Qf3 Qd4 35. Ra8 Rxa8 36. Qxa8+ Kh7
37. Qf3 Kg8 38. Qa8+ Kh7 39. Qf3 {Cornette,M (2597)-Bacrot,E (2689) London
2016 1/2-1/2 (63)}) 10. Be3 {[%emt 0:01:31]} Be6 {[%emt 0:09:20]} 11. Bxe6 {
[%emt 0:00:55]} Qxe6 {[%emt 0:02:44]} 12. Bxa7 {[%emt 0:01:40]} Rxa7 {[%emt 0:
00:15]} 13. d4 {[%emt 0:00:58]} Ne7 {[%emt 0:01:47]} 14. Nd2 {[%emt 0:12:42]}
O-O {[%emt 0:02:04]} 15. Qe2 {[%emt 0:00:09]} Raa8 {[%emt 0:03:26]} 16. g3 {
[%emt 0:04:50]} Rfe8 {[%emt 0:06:20]} 17. a5 {[%emt 0:06:06]} Rac8 {[%emt 0:20:
20]} 18. d5 {[%emt 0:11:39]} Qd7 {[%emt 0:01:44]} 19. Ne3 {[%emt 0:01:18]} Nh7
{[%emt 0:07:25]} 20. Ra3 {[%emt 0:04:21]} Rf8 {[%emt 0:05:23]} 21. Rb3 {
[%emt 0:05:09]} Rb8 {[%emt 0:00:11]} 22. Ra1 {[%emt 0:00:37]} f5 {[%emt 0:03:
54]} 23. exf5 {[%emt 0:00:11]} Nxf5 {[%emt 0:00:39]} 24. Qg4 {[%emt 0:01:30]}
h5 {[%emt 0:02:25]} 25. Qxh5 {[%emt 0:18:23]} Nxe3 {[%emt 0:00:06]} 26. fxe3 {
[%emt 0:00:03]} Rf5 {[%emt 0:00:29]} 27. Qh4 {[%emt 0:06:58] Although he took
it sportingly, White missed a chance to obtain a decisive advantage three
straight moves with the same shot.} Ng5 {[%emt 0:07:57]} (27... Rbf8 $1 28. g4
R5f6 29. c4 Qe7 {threatening Rf1+ with a discovered attack on the queen.} 30.
Qg3 Qf7 {and Black's attack becomes unstoppable.}) 28. Rb4 {[%emt 0:10:31]} e4
{[%emt 0:04:02]} (28... Rbf8 $1 29. Rg4 Nh7 30. c4 Qf7 31. Qh3 Ng5 {and again
Black's advantage should be decisive.}) 29. Kg2 {[%emt 0:07:49]} Qf7 {[%emt 0:
08:09]} ({This was the most definitive as th king exposed on g2 means the Rf2+
threat has that much more bite.} 29... Rbf8 $1 30. Nxe4 Nf3 31. Qh3 Qe8 32. Qg4
Qf7 {and Black is winning.}) 30. Nxe4 {[%emt 0:01:03]} Qxd5 {[%emt 0:02:44]} (
30... Nf3 {was the last chance to keep the edge.} 31. Qh3 Qxd5) 31. Rd4 {
[%emt 0:00:52]} Nf3 {[%emt 0:04:09]} 32. Nf6+ {[%emt 0:01:06]} Rxf6 {[%emt 0:
00:04]} 33. Rxd5 {[%emt 0:00:03]} Nxh4+ {[%emt 0:00:05]} 34. gxh4 {[%emt 0:00:
04]} Rbf8 {[%emt 0:00:21]} 35. Rd2 {[%emt 0:00:39]} Rg6+ {[%emt 0:00:31]} 36.
Kh1 {[%emt 0:00:05]} Rf3 {[%emt 0:00:42]} 37. Re1 {[%emt 0:02:09]} Re6 {
[%emt 0:00:23]} 38. Rd4 {[%emt 0:00:37]} 1/2-1/2